Study on experiment of afzelia xylocapa and dipterocapus alatus growth by applying chemical and organic fertilizer nursery, faculty of forestry science (ការសិក្សាពិសោធន៏ពីដំណើរការលូតលាស់របស់ប្រភេទឈើបេងនិងឈើទាលទឹកដោយប្រើជីគីមីនិងជីធម្មជាតិនៅថ្នាលបណ្ដុះកូនឈើមហាវិទ្យាល័យវិទ្យាសាស្រ្តព្រៃឈើ) (Record no. 3213)

000 -LEADER
fixed length control field 00917nam a22001577a 4500
003 - CONTROL NUMBER IDENTIFIER
control field OSt
005 - DATE AND TIME OF LATEST TRANSACTION
control field 20151106111918.0
008 - FIXED-LENGTH DATA ELEMENTS--GENERAL INFORMATION
fixed length control field 151106b xxu||||| |||| 00| 0 eng d
040 ## - CATALOGING SOURCE
Transcribing agency RUA
082 ## - DEWEY DECIMAL CLASSIFICATION NUMBER
Classification number FOR NGE 2002 B128 Or.1
100 ## - MAIN ENTRY--PERSONAL NAME
9 (RLIN) 3443
Personal name NGEAP, CHHAY.
245 ## - TITLE STATEMENT
Title Study on experiment of afzelia xylocapa and dipterocapus alatus growth by applying chemical and organic fertilizer nursery, faculty of forestry science (ការសិក្សាពិសោធន៏ពីដំណើរការលូតលាស់របស់ប្រភេទឈើបេងនិងឈើទាលទឹកដោយប្រើជីគីមីនិងជីធម្មជាតិនៅថ្នាលបណ្ដុះកូនឈើមហាវិទ្យាល័យវិទ្យាសាស្រ្តព្រៃឈើ)
260 ## - PUBLICATION, DISTRIBUTION, ETC. (IMPRINT)
Place of publication, distribution, etc. Phnom Penh
Name of publisher, distributor, etc. RUA
Date of publication, distribution, etc. 2002
300 ## - PHYSICAL DESCRIPTION
Extent 67p.
Other physical details ill.
Dimensions 29cm.
942 ## - ADDED ENTRY ELEMENTS (KOHA)
Source of classification or shelving scheme
Koha item type FOR
Holdings
Price effective from Date last seen Permanent Location Not for loan Date acquired Source of classification or shelving scheme Koha item type Lost status Withdrawn status Date last checked out Total Checkouts Shelving location Damaged status Barcode Current Location Full call number
2015-11-062015-11-06Library Block B 2015-11-06 FOR    B128 RUA028359Library Block BFOR NGE 2002 B128 Or.1
2015-11-062015-11-06Library Block B 2015-11-06 FOR    B128 RUA028431Library Block BFOR NGE 2002 B128 Or.2
2015-11-062015-11-06Library Block B 2015-11-06 FOR    B128 RUA028287Library Block BFOR NGE 2002 B128 Or.3
2015-11-062019-02-27Library Block B 2015-11-06 FOR  2019-02-111B128 RUA028933Library Block BFOR NGE 2002 B128 Or.4
2015-11-062015-11-06Library Block B 2015-11-06 FOR    B128 RUA028934Library Block BFOR NGE 2002 B128 Or.5
មជ្ឈមណ្ឌលឯការនៃសាកលវិទ្យាល័យភូមិន្ទកសិកម្មចំការដូង

Powered by Koha